[Event "Quebec-ch B U20 Pepsico"]
[Site "Montreal"]
[Date "2012.02.12"]
[Round "4"]
[White "Bissonnette, Raphael"]
[Black "Saine, Zachary"]
[Result "1-0"]
[WhiteElo "1142"]
[BlackElo "1284"]
[PlyCount "87"]
[EventDate "2012.02.10"]
[EventType "swiss"]
[EventRounds "5"]
[EventCountry "CAN"]
[SourceTitle "EXT 2022"]
[Source "ChessBase"]
[SourceDate "2021.10.06"]
[SourceVersion "1"]
[SourceVersionDate "2021.10.06"]
[SourceQuality "1"]

1. e4 e5 2. Nf3 Nc6 3. Bb5 a6 4. Ba4 Nf6 5. 0-0 Be7 6. Re1 0-0 7. c3 b5 8. Bc2 d6 9. a4 b4 10. d4 bxc3 11. bxc3 exd4 12. cxd4 Bg4 13. Be3 Nb4 14. Nbd2 Nxc2 15. Qxc2 Re8 16. h3 Bh5 17. Rac1 Rc8 18. Qc6 Qd7 19. Qxd7 Nxd7 20. Rc6 Nb6 21. a5 Na4 22. Ra1 Nb2 23. Rxa6 Ra8 24. Rxa8 Rxa8 25. a6 Bxf3 26. gxf3 Nd3 27. a7 Nb4 28. d5 c6 29. Ra4 c5 30. Nc4 Bd8 31. Bf4 Nc2 32. Bxd6 Ne1 33. Bxc5 Nxf3+ 34. Kf1 Ng5 35. Be7 Bxe7 36. Nb6 Rxa7 37. Rxa7 Kf8 38. Ra8+ Bd8 39. Rxd8+ Ke7 40. Rd7+ Ke8 41. e5 h5 42. Ra7 h4 43. d6 Nf3 44. Ra8# 1-0

[Event "Quebec-ch B U20 Pepsico"]
[Site "Montreal"]
[Date "2012.02.10"]
[Round "1"]
[White "Subotyak, Ivan"]
[Black "Bissonnette, Raphael"]
[Result "1-0"]
[WhiteElo "1354"]
[BlackElo "1142"]
[PlyCount "77"]
[EventDate "2012.02.10"]
[EventType "swiss"]
[EventRounds "5"]
[EventCountry "CAN"]
[SourceTitle "EXT 2022"]
[Source "ChessBase"]
[SourceDate "2021.10.06"]
[SourceVersion "1"]
[SourceVersionDate "2021.10.06"]
[SourceQuality "1"]

1. d4 Nf6 2. c4 d5 3. Nf3 g6 4. Nc3 Bg7 5. Bf4 c6 6. e3 Bg4 7. Qb3 Qb6 8. cxd5 Qxb3 9. axb3 Bxf3 10. gxf3 Nxd5 11. Bxb8 Nb4 12. Ra4 b5 13. Rxb4 a5 14. Bxb5 axb4 15. Bxc6+ Kd8 16. Bxa8 bxc3 17. bxc3 Kd7 18. 0-0 Rxb8 19. Bd5 e6 20. Bc4 Ra8 21. Rc1 Kc6 22. e4 Ra2 23. d5+ exd5 24. Bxd5+ Kb5 25. Bxf7 Ra3 26. f4 Bf6 27. e5 Be7 28. Rd1 Ra7 29. Bc4+ Kc6 30. e6 Bf6 31. Rd7 Rxd7 32. exd7 Kxd7 33. Bb5+ Kd6 34. c4 Kc5 35. Kg2 h6 36. Kg3 h5 37. h4 Kb4 38. Ba4 Kc5 39. Be8 1-0

[Event "Quebec-ch U16"]
[Site "Montreal"]
[Date "2011.11.26"]
[Round "3"]
[White "Bissonnette, Raphael"]
[Black "Sprumont, Oscar"]
[Result "0-1"]
[WhiteElo "1071"]
[BlackElo "1817"]
[PlyCount "40"]
[EventDate "2011.11.25"]
[EventType "swiss"]
[EventRounds "5"]
[EventCountry "CAN"]
[SourceTitle "EXT 2022"]
[Source "ChessBase"]
[SourceDate "2021.10.06"]
[SourceVersion "1"]
[SourceVersionDate "2021.10.06"]
[SourceQuality "1"]

1. e4 e5 2. Nf3 Nc6 3. Bb5 a6 4. Ba4 Nf6 5. d3 Bc5 6. Bxc6 dxc6 7. 0-0 Bd6 8. Nc3 Bg4 9. h3 Bh5 10. Bg5 h6 11. Bh4 Qd7 12. Qe2 0-0-0 13. Bg3 g5 14. Qe3 Kb8 15. Nxe5 Qe6 16. f4 Rhg8 17. Bh2 gxf4 18. Qxf4 Qxh3 19. g3 Bxe5 20. Qxe5 Ng4 0-1